| 000 | 00817nam a2200217 a 4500 | ||
|---|---|---|---|
| 001 | 000031121 | ||
| 005 | 20200930062723.0 | ||
| 008 | 110613s2011 dr 000 0 spa d | ||
| 040 |
_aDO-SdBNP _bspa _cBNPHU |
||
| 082 |
_axxxx _bC348r |
||
| 100 | 1 |
_aCastellanos Vargas, Dulce María _957593 |
|
| 245 | 1 | 3 |
_aLa responsabilidad civil de los médicos / _cDulce María Castellanos Vargas ; prólogo Ángel Delgado Malagón. |
| 250 | _a2a ed. | ||
| 260 |
_aSanto Domingo : _bediciones Jurídicas Trajano Potentini, _c2011. |
||
| 300 |
_a170 p. ; _c23 cm. |
||
| 500 | _aIncluye datos biográficos de la autora en las solapas | ||
| 504 | _aIncluye referencias bibliográficas y notas al pie de las páginas | ||
| 504 | _aBibliografa : p. 159-165 | ||
| 700 | 1 |
_aDelgado Malagón, Ángel, _epról. _957594 |
|
| 049 | _aBNPD | ||
| 999 |
_c30613 _d30613 |
||